Universidades do Brasil - Statistics

Estatísticas Gerais
  • Esse quiz foi jogado 469 vezes
  • A pontuação média é 49 de 232
Estatísticas das Respostas
Resposta % Correto
UFR
90%
USP
86%
UFFS
84%
UFS
84%
UFRRJ
78%
UFRJ
77%
UFMG
75%
UFSC
75%
UFBA
73%
UFC
73%
UFG
73%
UNICAMP
71%
UFPE
68%
UFT
66%
UFPA
65%
UFPR
65%
UFAL
63%
UFMA
63%
UnB
63%
UFAM
62%
UFES
61%
UFAC
60%
UFRN
58%
UFRR
58%
UNESP
58%
UEM
57%
UFF
57%
UFPI
57%
UFMS
56%
UFRGS
56%
UERJ
55%
UFMT
55%
UEAP
54%
UNIFESP
52%
UFPB
50%
UFU
42%
UEL
41%
UFSCar
40%
UFV
40%
UFJ
39%
UEA
38%
UEMG
37%
UEG
35%
UNIR
35%
UEPA
33%
UFOP
33%
UFSM
31%
UEMA
29%
UECE
28%
UFJF
28%
UNIRIO
27%
Universidade de Brasília
27%
Universidade de São Paulo
27%
Universidade Federal de Goiás
27%
Universidade Federal do Pará
27%
UEMS
26%
UERN
26%
UFLA
26%
Universidade Federal do Rio de Janeiro
26%
UESC
25%
Universidade Federal da Bahia
25%
Universidade Federal de Mato Grosso
25%
Universidade Federal de Santa Catarina
25%
Universidade Federal do Paraná
25%
Universidade Federal do Rio Grande
25%
UFABC
24%
Universidade Federal de Minas Gerais
24%
Universidade Federal do Amazonas
23%
UEPB
22%
UERR
22%
Universidade Federal de Alagoas
22%
Universidade Federal de Mato Grosso do Sul
22%
Universidade Federal de Roraima
22%
Universidade Federal de São Paulo
22%
Universidade Federal do Acre
22%
Universidade Federal do Ceará
22%
Universidade Federal do Espírito Santo
22%
Universidade Federal do Maranhão
22%
Universidade Federal do Rio Grande do Sul
22%
Universidade Federal de Pernambuco
21%
Universidade Federal de Sergipe
21%
Universidade Federal do Rio Grande do Norte
21%
Universidade Federal do Tocantins
21%
Universidade Federal Fluminense
21%
Universidade Federal do Piauí
20%
UFCA
19%
UFPel
19%
UFTM
19%
Universidade Federal da Paraíba
19%
UTFPR
19%
UNILA
18%
Universidade Estadual de Maringá
18%
Universidade Federal de Rondônia
18%
UFRB
17%
Universidade do Estado do Rio de Janeiro
17%
Universidade Estadual de Campinas
17%
Universidade Estadual de Londrina
17%
Universidade Federal do Estado do Rio de Janeiro
17%
Universidade Federal Rural do Rio de Janeiro
17%
UERGS
16%
UFSJ
16%
Universidade Estadual de Goiás
16%
Universidade Estadual do Maranhão
16%
Universidade Federal de São Carlos
16%
Universidade Federal do Amapá
16%
FURG
15%
UFCG
15%
UNIOESTE
15%
UNIPAMPA
15%
Universidade Federal de Uberlândia
15%
Universidade Federal de Viçosa
14%
UEPG
13%
UNIFAL-MG
13%
UNIFAP
13%
Universidade Federal de Juiz de Fora
13%
Universidade Federal de Ouro Preto
13%
Universidade Federal de Santa Maria
13%
UNIVESP
13%
UPE
13%
UFGD
12%
Universidade do Estado de Minas Gerais
12%
Universidade Estadual da Paraíba
12%
Universidade Estadual de Mato Grosso
12%
Universidade Estadual de Mato Grosso do Sul
12%
Universidade Estadual de Roraima
12%
Universidade Estadual do Ceará
12%
Universidade Estadual Paulista "Júlio de Mesquita Filho"
12%
FAMEMA
11%
FAMERP
11%
FATEC
11%
UDESC
11%
UFRA
11%
UFVJM
11%
UNIFEI
11%
Universidade do Estado do Amapá
11%
Universidade do Estado do Pará
11%
Universidade Federal de Lavras
11%
Universidade Federal de Pelotas
11%
UNEB
10%
Universidade do Estado do Amazonas
10%
Universidade do Estado do Rio Grande do Norte
10%
Universidade Federal do ABC
10%
UEFS
9%
UFSB
9%
UNIMONTES
9%
Universidade do Estado de Santa Catarina
9%
Universidade Estadual do Rio Grande do Sul
9%
Universidade Federal da Fronteira Sul
9%
Universidade Federal de Alfenas
9%
Universidade Federal de Rondonópolis
9%
Universidade Federal do Triângulo Mineiro
9%
UFRPE
8%
UNICENTRO
8%
Universidade Estadual de Alagoas
8%
Universidade Estadual do Piauí
8%
Universidade Tecnológica Federal do Paraná
8%
UENF
7%
UESPI
7%
UFOB
7%
UNEMAT
7%
Universidade Estadual do Paraná
7%
Universidade Federal de Campina Grande
7%
Universidade Federal de São João del-Rei
7%
Universidade Federal do Oeste do Pará
7%
UESB
6%
UEZO
6%
UFCat
6%
UFCSPA
6%
UFERSA
6%
UFOPA
6%
Universidade do Estado da Bahia
6%
Universidade Estadual de Feira de Santana
6%
Universidade Estadual de Ponta Grossa
6%
Universidade Federal da Integração Latino-Americana
6%
Universidade Federal de Grande Dourados
6%
Universidade Federal de Itajubá
6%
Universidade Federal de Jataí
6%
Universidade Federal do Recôncavo da Bahia
6%
Universidade Federal dos Vales do Jequitinhonha e Mucuri
6%
UVA
6%
Faculdade de Medicina de Marília
5%
UNESPAR
5%
UNIVASF
5%
Universidade Estadual do Oeste do Paraná
5%
Universidade Federal do Cariri
5%
Universidade Federal do Pampa
5%
Universidade Virtual do Estado de São Paulo
5%
Faculdade de Medicina de São José do Rio Preto
4%
Faculdade de Tecnologia de São Paulo
4%
UENP
4%
UFNT
4%
UNEAL
4%
UNILAB
4%
UNITINS
4%
Universidade de Pernambuco
4%
Universidade Estadual de Montes Claros
4%
Universidade Estadual do Norte Fluminense Darcy Ribeiro
4%
Universidade Federal de Catalão
4%
Universidade Federal do Vale do São Francisco
4%
Universidade Federal Rural de Pernambuco
4%
Universidade Federal Rural do Semi-Árido
4%
URCA
4%
ESCS
3%
UFAPE
3%
UNIFESSPA
3%
Universidade do Tocantins
3%
Universidade Estadual da Zona Oeste
3%
Universidade Estadual de Santa Cruz
3%
Universidade Federal de Ciências da Saúde de Porto Alegre
3%
Universidade Federal do Oeste da Bahia
3%
Universidade Federal do Sul da Bahia
3%
FAMES
2%
UEMASUL
2%
UFDPar
2%
UnADF
2%
Universidade Aberta do Distrito Federal
2%
Universidade Estadual do Centro-Oeste
2%
Universidade Estadual do Norte do Paraná
2%
Universidade Estadual do Sudoeste da Bahia
2%
Universidade Estadual Vale do Acaraú
2%
Universidade Federal da Lusofonia Afro-Brasileira
2%
Universidade Federal do Sul e Sudeste do Pará
2%
Universidade Federal Rural da Amazônia
2%
Universidade Regional do Cariri
2%
Escola Superior de Ciências da Saúde
1%
Faculdade de Música do Espírito Santo "Maurício de Oliveira"
1%
UNCISAL
1%
Universidade Estadual da Região Tocantina do Maranhão
1%
Universidade Estadual de Ciências da Saúde de Alagoas
1%
Universidade Federal do Agreste de Pernambuco
1%
Universidade Federal do Delta do Parnaíba
1%
Universidade Federal do Norte do Tocantins
1%
Nenhum quiz correspondente encontrado
Distribuição das Pontuações
Porcentagem de Pessoas com Cada Pontuação
Percentil de Números Respondidos
Sua Pontuação Histórica
Você não jogou esse quiz